Pomáha celý svet, no našli sa aj príživníci

Obchodné reťazce spojili sily s neziskovými organizáciami a prostredníctvom verejných zbierok, uvoľnenia pracovných miest a finančnej podpory pomáhajú Ukrajine. Podvodníci na seba nedali dlho čakať a krátko po začiatku konfliktu vzniklo množstvo falošných humanitárnych zbierok. Aké sú možnosti na ov...

Description complète

Enregistré dans:
Détails bibliographiques
Auteur principal: Alenová, Gabriela
Format: Chapitre de livre
Langue:slovaque
Sujets:
Tags: Ajouter un tag
Pas de tags, Soyez le premier à ajouter un tag!

MARC

LEADER 00000naa a2200000 4500
001 0283349
005 20240417075202.9
041 0 |a slo 
044 |a SK 
245 1 0 |a Pomáha celý svet, no našli sa aj príživníci  |c Gabriela Alenová 
520 |a Obchodné reťazce spojili sily s neziskovými organizáciami a prostredníctvom verejných zbierok, uvoľnenia pracovných miest a finančnej podpory pomáhajú Ukrajine. Podvodníci na seba nedali dlho čakať a krátko po začiatku konfliktu vzniklo množstvo falošných humanitárnych zbierok. Aké sú možnosti na overenie legitimity daných zbierok. Darcovský systém SR pre Ukrajinu. 
610 2 0 |a vojny 
610 2 0 |a pomoc humanitárna 
610 2 0 |a zbierky verejné 
610 2 0 |a reťazce obchodné 
610 2 0 |a Ukrajina 
100 1 |a Alenová, Gabriela